000 01263cam a2200193 4500
001 ABS65445
008 020508n2002 000 0 eng u
035 _a(Sirsi) u117898
245 _aR (on the application of Curzon Berkeley Ltd) v Bliss (VO)
260 _c2002
490 _aRating Appeals
_v[2002] RA 45-62(10)
520 _aQBD 19 December 2001. Application for judicial review by ratepayer (R) to quash alterations made by the valuation officer (VO) in the rating list from domestic to non-domestic on self-contained serviced apartments at 39 Hill Street and 56 Curzon Street. R challenged the alterations on the grounds that firstly the VO had failed to clarify which parts of the building remained under the council tax regime and which were subject to non-domestic rates, and secondly with respect to 39 Hill Street R claimed that as freeholder he was not the relevant person defined in the Local Government Financt Act 1988. The first challenge was rejected but second challenge allowed, quashing the alterations on 39 Hill Street.
590 _aABS
650 _aHEREDITAMENTS
650 _aLOCAL GOVERNMENT FINANCE ACT 1988
650 _aR V BLISS (VO) EX P CURZON BERKELEY LTD
690 _aRATING AND LOCAL TAXATION-CASE LAW
942 _n0
999 _c70219
_d70219